000 00617nam a2200193 a 4500
005 20140310183145.0
008 020820s19uu xx 00 eng d
020 _a0688061664
050 _aZ 710
_b.F44 1988
100 _aFelknor, Bruce
245 _aHow to look things up and find things out /
_cBruce Felknor.
260 _aUSA :
_bQuill William Morrow and Company,
_c1988.
300 _a290 p. :
_c24 cm.
650 _aLibraries
_xhandbooks, manuals, etc.
650 _aReference books
_xHandbook, manuals etc.
650 _aResearch methodology
_xhandbook, manuals etc.
942 _cBK
_2lcc
999 _c19505
_d19505